Hướng dẫn áp dụng quy tắc và thực hành thống nhất tín dụng chứng từ /
Saved in:
| Main Author: | |
|---|---|
| Format: | Book (Paper) |
| Language: | Vietnamese |
| Published: |
Tp. HCM :
Thống kê,
2000
|
| Edition: | In lần thứ sáu, có bổ sung và sửa đổi |
| Tags: |
Add Tag
No Tags, Be the first to tag this record!
|
| Institutions: | Thư viện Trường Đại học Đà Lạt |
|---|
| LEADER | 00896nam a2200301 4500 | ||
|---|---|---|---|
| 001 | DLU030020773 | ||
| 003 | ##DLU | ||
| 005 | ##20021230 | ||
| 008 | ##021230t vn z000 vie d | ||
| 040 | # | # | |a DLU |b vie |
| 041 | # | # | |a vie |
| 044 | # | # | |a vn |
| 082 | # | # | |a 332.76 |b NG-T |
| 100 | # | # | |a Nguyễn Trọng Thuỳ |
| 245 | # | # | |a Hướng dẫn áp dụng quy tắc và thực hành thống nhất tín dụng chứng từ / |c Nguyễn Trọng Thuỳ |
| 250 | # | # | |a In lần thứ sáu, có bổ sung và sửa đổi |
| 260 | # | # | |a Tp. HCM : |b Thống kê, |c 2000 |
| 300 | # | # | |a 276 tr. ; |c 28 cm |
| 500 | # | # | |a Bản sửa đổi 1993, số xuất bản 500 phòng thương mại quốc tế Paris |
| 992 | # | # | |a 50000 |
| 994 | # | # | |a DLU |
| 900 | # | # | |a True |
| 911 | # | # | |a Phan Ngọc Đông |
| 925 | # | # | |a G |
| 926 | # | # | |a A |
| 927 | # | # | |a SH |
| 980 | # | # | |a Thư viện Trường Đại học Đà Lạt |